Pokémon Con Formas Regionales - Estadísticas

Estadísticas generales
  • Esta prueba ha sido intentada 59 veces
  • La puntuación promedio es 41 de 55
Estadísticas de respuestas
Imagen Hint Respuesta % Correcto
Alola Raichu
98%
Alola Rattata
98%
Alola Raticate
96%
Alola Diglett
91%
Alola Meowth
91%
Galar Meowth
91%
Alola Ninetales
91%
Alola Persian
91%
Alola Vulpix
91%
Alola Geodude
89%
Alola Muk
89%
Galar Ponyta
89%
Galar Rapidash
89%
Galar Articuno
87%
Alola Dugtrio
87%
Galar Zapdos
87%
Hisui Arcanine
85%
Alola Grimer
85%
Alola Marowak
85%
Galar Moltres
85%
Galar Slowpoke
84%
Alola Golem
82%
Hisui Growlithe
82%
Galar Mr. Mime
82%
Paldea Tauros
82%
Alola Graveler
80%
Galar Slowking
80%
Galar Slowbro
78%
Hisui Voltorb
76%
Galar Corsola
75%
Alola Sandslash
75%
Galar Weezing
75%
Galar Zigzagoon
75%
Hisui Electrode
71%
Galar Farfetch'd
71%
Alola Exeggutor
69%
Alola Sandshrew
67%
Hisui Zorua
65%
Galar Darmanitan
64%
Galar Darumaka
64%
Hisui Sneasel
64%
Hisui Typhlosion
62%
Galar Linoone
60%
Paldea Wooper
58%
Hisui Zoroark
58%
Hisui Goodra
56%
Galar Yamask
56%
Hisui Braviary
51%
Hisui Decidueye
49%
Hisui Samurott
49%
Hisui Qwilfish
47%
Hisui Avalugg
45%
Galar Stunfisk
45%
Hisui Lilligant
40%
Hisui Sliggoo
36%
No se encontraron pruebas coincidentes
Distribución de puntuación
Porcentaje de gente con cada puntuación
Porcentaje por número respondido
Historial de tus puntuaciones
No has intentado esta prueba.